Протокол № 527 заседания Малого Совета Народных Комиссаров от 5 августа 1920 г. и материалы к §§ 4, 7, 9 и 11 протокола. Копия. ...

Доступно только в Электронных читальных залах Найти на картеНа карте
RUSMARC
00004246nac2a22002891x 450
00167daa378-cffe-4c78-992f-caf9b2b62c8c
00520160405163513.0
100##$a20151228l1920 k y0rusy50 ca
1010#$arus
102##$aRU
105##$ay z |||||
1220#$ad19200805
2001#$aПротокол № 527 заседания Малого Совета Народных Комиссаров от 5 августа 1920 г. и материалы к §§ 4, 7, 9 и 11 протокола. Копия. Материалы к § 2 см. протокол 529, § 1. Материалы к § 3 см. протокол 531, § 13. Материалы к § 5 см. протокол 529, § 6. Материалы к § 6 см. протокол 545, § 2
$j5 августа 1920
215##$a83 листа
251##$cДело
300##$aЗаголовок дела на папке: Протокол № 527 заседания МСНК от 5 августа 1920 года и материалы к §§ 4, 7, 9 и 11
300##$aЛисты: 1а-1д - фото; 60 - газетный материал
300##$aЧасть текста рукописная и машинописная, часть - напечатана типографским способом
324##$aВ деле имеются копии отдельных документов
330##$aВходит в раздел описи: I. Секретариат. 1. Протоколы. б/ Протоколы Малого Совета Народных Комиссаров
461#0$1001ad6baeac-e292-4829-90d1-2f4f65796a62
$12001
$aСОВЕТ НАРОДНЫХ КОМИССАРОВ РСФСР (СНК РСФСР)
$1251
$cФонд
$1852
$j130
$gР
462#0$10017393eac8-aea5-4181-b014-0a5beab45138
$12001
$a1920 г.
$vД. 76
$1251
$cОпись
$1852
$j4
5171#$aПротокол № 527 заседания МСНК от 5 августа 1920 года и материалы к §§ 4, 7, 9 и 11
60101$3RU\NLR\AUTH\661074810
$aРСФСР
$bСовет Народных Комиссаров
801#0$aRU
$bGA_RF
801#1$aRU
$bНПО Опыт
$c20151228
$2rusmarc
801#2$aRU
$bПБ им. Б.Н. Ельцина
$c20160405
$gRCR
$2rusmarc
852##$aГА РФ
$j76
937##$d70208663
$hПБ
035##$aRuPRLIB51035279
Формат отображения